| 000 | 01577nam a2200409 c 4500 | ||
|---|---|---|---|
| 001 | 22292 | ||
| 003 | ES-MaCES | ||
| 005 | 20180131142519.0 | ||
| 008 | 090727s2010 sz i100 | spa d | ||
| 020 | _a9789223218850 (v. 1) | ||
| 020 | _a9789223218867 (v. 1, web pdf) | ||
| 020 | _a9789223218874 (v. 2) | ||
| 020 | _a9789223218881 (v. 2, web pdf) | ||
| 035 | _aCES20090007737m | ||
| 040 |
_aES-MaCES _bspa _cES-MaCES |
||
| 111 | 2 |
_aConferencia Internacional del Trabajo _eReunión _n99ª _d2010 _cGinebra _91093 |
|
| 245 | 1 | 0 |
_aTrabajo decente para los trabajadores domésticos _b: cuarto punto del orden del día : informe IV _cConferencia Internacional del Trabajo, 99ª Reunión 2010 |
| 250 | _a1ª ed | ||
| 260 |
_aGinebra _bOficina Internacional del Trabajo _c2009-2010 |
||
| 300 |
_a2 v. (VII, 152 p. ; X, 450 p.) _c30 cm |
||
| 505 | 0 | _aInforme IV (1) -- Informe IV (2) | |
| 541 | _cSuscripción conjunta | ||
| 650 | 4 |
_atrabajador doméstico _928431 |
|
| 650 | 4 |
_aderechos de los trabajadores _929924 |
|
| 650 | 4 |
_acondiciones de empleo _930040 |
|
| 650 | 4 |
_acondiciones de trabajo _928327 |
|
| 650 | 4 |
_aprotección social _929076 |
|
| 650 | 4 |
_aseguridad social _927034 |
|
| 650 | 4 |
_anorma internacional del trabajo _930609 |
|
| 650 | 4 |
_aactividad normativa de la OIT _930712 |
|
| 653 | 1 | 0 | _aEmpleo |
| 787 | 0 |
_tTrabajo decente para los trabajadores domésticos _w(ES-MaCES)23628 |
|
| 710 | 2 |
_94718 _aOrganización Internacional del Trabajo _eed. |
|
| 902 | _aLIB Libro | ||
| 942 |
_2CES _cBK _h2.1. |
||
| 999 |
_c22292 _d22292 |
||